Подробности
| 000 -МАРКЕР |
| контрольное поле |
05173ncm0a2200469 4500 |
| 001 - ИДЕНТИФИКАТОР ЗАПИСИ |
| контрольное поле |
RU\NLR\ONIZ\218889 |
| 005 - ИДЕНТИФИКАТОР ВЕРСИИ |
| контрольное поле |
20250626062721.0 |
| 013 ## - МЕЖДУНАРОДНЫЙ СТАНДАРТНЫЙ НОМЕР ИЗДАНИЯ МУЗЫКАЛЬНОГО ПРОИЗВЕДЕНИЯ (ISMN) |
| Номер (ISMN) |
979-0-66002-209-2 |
| 035 ## - ДРУГИЕ СИСТЕМНЫЕ НОМЕРА |
| Идентификатор записи |
(NLR Aleph) 011415375 |
| 071 20 - ИЗДАТЕЛЬСКИЙ НОМЕР |
| Номер, присвоенный агентством |
с 2209 к |
| 100 ## - ДАННЫЕ ОБЩЕЙ ОБРАБОТКИ |
| Данные общей обработки |
20170623d1995 |||y0rusy50 ca |
| 101 0# - ЯЗЫК РЕСУРСА |
| Язык текста, звукозаписи и т.д. |
английский |
| -- |
русский |
| 102 ## - СТРАНА ПУБЛИКАЦИИ ИЛИ ПРОИЗВОДСТВА |
| Страна публикации |
Российская Федерация |
| 125 ## - ПОЛЕ КОДИРОВАННЫХ ДАННЫХ: ЗВУКОЗАПИСИ И НОТНЫЕ ИЗДАНИЯ |
| Форма изложения нотного текста |
cb |
| 145 0# - ПОЛЕ КОДИРОВАННЫХ ДАННЫХ: СРЕДСТВО ИСПОЛНЕНИЯ МУЗЫКАЛЬНОГО ПРОИЗВЕДЕНИЯ (УСТАРЕВШЕЕ) |
| Тип средства исполнения |
b |
| 200 1# - ЗАГЛАВИЕ И СВЕДЕНИЯ ОБ ОТВЕТСТВЕННОСТИ |
| Основное заглавие |
Пьесы для виолончели и фортепиано |
| Общее обозначение материала |
Ноты |
| Параллельное заглавие |
Pieces for violoncello and piano |
| Обозначение и номер части |
Вып. 1 |
| Наименование части |
Глинка, Давыдов, Рахманинов, Аренский |
| Первые сведения об ответственности |
сост. и ред. А. А. Лазько |
| Язык параллельного заглавия |
английский |
| 208 ## - ОБЛАСТЬ СПЕЦИФИЧЕСКИХ СВЕДЕНИЙ: НОТНЫЕ ИЗДАНИЯ |
| Форма изложения нотного текста |
[Партитура, партия] |
| 210 ## - ПУБЛИКАЦИЯ, РАСПРОСТРАНЕНИЕ И ДР. |
| Место издания, распространения и т.д. |
Санкт-Петербург |
| Имя издателя, распространителя и т. д. |
Композитор-Санкт-Петербург |
| Дата издания, распространения и т.д. |
1995 |
| 215 ## - ФИЗИЧЕСКАЯ ХАРАКТЕРИСТИКА |
| Специфическое обозначение материала и объем |
47 с., 1 парт. (20 с.) |
| Другие сведения о физической характеристике |
ил. |
| Размеры |
30 см |
| 225 1# - СЕРИЯ |
| Основное заглавие серии |
Золотой репертуар виолончелиста |
| 313 ## - ПРИМЕЧАНИЯ, ОТНОСЯЩИЕСЯ К ТЕМАТИЧЕСКОМУ ДОСТУПУ |
| Текст примечания |
Систематизация документа проведена по изданию - Методика классифицирования музыкальных произведений (нотных изданий) по таблицам Библиотечно-библиографических классификаций : метод. рекомендации / Гос. б-ка СССР им. В.И. Ленина.- М., 1977. Индексу ББК методических рекомендаций присваивается код ББК для научных библиотек - LBC/SL |
| 327 1# - ПРИМЕЧАНИЯ О СОДЕРЖАНИИ |
| Текст примечания |
1. Романс без слов : соч. 23 / К. Давыдов ; |
| -- |
2. У фонтана : соч. 20 № 2 / К. Давыдов. |
| -- |
3. Ноктюрн : ("Разлука") / М. Глинка ; транскр. А. Власова. |
| -- |
4. Вокализ : соч. 34 № 14 / С. Рахманинов ; транскр. А. Штримера ; |
| -- |
5. Восточный танец : соч. 2 № 2 / С. Рахманинов. |
| -- |
6. Танец каприччиозо : соч. 12 № 2 / А. Аренский |
| 464 #0 - АНАЛИТИЧЕСКИЙ УРОВЕНЬ |
| Встроенное поле |
2001#$aРоманс без слов$eсоч. 23$fК. Давыдов |
| -- |
215##$aС.3-7 |
| -- |
700#1$9z01790$aДавыдов$bК. Ю.$gКарл Юльевич$f1838-1889$4230$7ca |
| -- |
790#1$9z01700$aDavydov$bK. J.$gKarl Jul`evič$f1838-1889$4230$7ba |
| Заглавие |
Романс без слов |
| Автор |
Давыдов, Карл Юльевич (1838-1889) |
| 464 #0 - АНАЛИТИЧЕСКИЙ УРОВЕНЬ |
| Встроенное поле |
2001#$aУ фонтана$eсоч. 20 № 2$fК. Давыдов |
| -- |
215##$aС.8-19 |
| -- |
700#1$9z01790$aДавыдов$bК. Ю.$gКарл Юльевич$f1838-1889$4230$7ca |
| -- |
790#1$9z01700$aDavydov$bK. J.$gKarl Jul`evič$f1838-1889$4230$7ba |
| Заглавие |
У фонтана |
| Автор |
Давыдов, Карл Юльевич (1838-1889) |
| 464 #0 - АНАЛИТИЧЕСКИЙ УРОВЕНЬ |
| Встроенное поле |
2001#$aНоктюрн$e("Разлука")$fМ. Глинка$gтранскр. А. Власова |
| -- |
215##$aС.20-25 |
| -- |
700#1$9z01790$aГлинка$bМ. И.$gМихаил Иванович$f1804-1857$4230$7ca |
| -- |
702#1$9z02790$aВласов$bА. К.$gАлександр Кондратьевич$f1911-1986$4030$7ca |
| -- |
790#1$9z01700$aGlinka$bM.$gMichael$f1804-1857$4230$7ba |
| -- |
790#1$9z02702$aVlasov$bA. K.$gAleksandr Kondrat`evič$f1911-1986$4030$7ba |
| Заглавие |
Ноктюрн |
| Автор |
Глинка, Михаил Иванович (1804-1857) |
| 464 #0 - АНАЛИТИЧЕСКИЙ УРОВЕНЬ |
| Встроенное поле |
2001#$aВокализ$eсоч. 34 № 14$fС. Рахманинов$gтранскр. А. Штримера |
| -- |
215##$aС.26-30 |
| -- |
700#1$9z01790$aРахманинов$bС. В.$gСергей Васильевич$f1873-1943$4230$7ca |
| -- |
702#1$9z02790$aШтример$bА. Я.$gАлександр Яковлевич$f1888-1961$4030$7ca |
| -- |
790#1$9z01700$aRachmaninov$bS. V.$gSergej Vasil`evič$f1873-1943$4230$7ba |
| -- |
790#1$9z02702$aStrimer$bA.$gAleksandr$f1888-1961$4030$7ba |
| Заглавие |
Вокализ |
| Автор |
Рахманинов, Сергей Васильевич (1873-1943) |
| 464 #0 - АНАЛИТИЧЕСКИЙ УРОВЕНЬ |
| Встроенное поле |
2001#$aВосточный танец$eсоч. 2 № 2$fС. Рахманинов |
| -- |
215##$aС.31-37 |
| -- |
700#1$9z01790$aРахманинов$bС. В.$gСергей Васильевич$f1873-1943$4230$7ca |
| -- |
790#1$9z01700$aRachmaninov$bS. V.$gSergej Vasil`evič$f1873-1943$4230$7ba |
| Заглавие |
Восточный танец |
| Автор |
Рахманинов, Сергей Васильевич (1873-1943) |
| 464 #0 - АНАЛИТИЧЕСКИЙ УРОВЕНЬ |
| Встроенное поле |
2001#$aТанец каприччиозо$eсоч. 12 № 2$fА. Аренский |
| -- |
215##$aС.38-47 |
| -- |
700#1$9z01790$aАренский$bА. С.$gАнтон Степанович$f1861-1906$4230$7ca |
| -- |
790#1$9z01700$aArenskij$bA. S.$gAnton Stepanovich$f1861-1906$4230$7ba |
| Заглавие |
Танец каприччиозо |
| Автор |
Аренский, Антон Степанович (1861-1906) |
| 606 1# - НАИМЕНОВАНИЕ ТЕМЫ КАК ПРЕДМЕТ |
| Наименование темы |
Пьесы для виолончели и фортепиано |
| Географический подзаголовок |
Россия |
| Хронологический подзаголовок |
19-20 вв. |
| Формальный подзаголовок |
Ноты |
| Код системы |
nlr_sh |
| 686 ## - ИНДЕКСЫ ДРУГИХ КЛАССИФИКАЦИЙ |
| Индекс |
Щ955.6-42-058я43(28) |
| Издание |
LBC/SL |
| Код системы |
|
| 686 ## - ИНДЕКСЫ ДРУГИХ КЛАССИФИКАЦИЙ |
| Индекс |
Щ955.692я43(28) |
| Издание |
LBC/SL |
| Код системы |
|
| 700 #1 - ИМЯ ЛИЦА - ПЕРВИЧНАЯ ОТВЕТСТВЕННОСТЬ |
| Системный номер авторитетной/нормативной записи |
z06790 |
| Начальный элемент ввода |
Лазько |
| Часть имени, кроме начального элемента ввода |
А. А. |
| Дополнения к именам, кроме дат |
сост. |
| Даты |
1925-2016 |
| Расширение инициалов личного имени |
Алексей Алексеевич |
| Код отношения |
Составитель |
| Графика поля |
Кириллица |
| 790 #1 - ИМЯ ЛИЦА - АЛЬТЕРНАТИВНАЯ ФОРМА |
| Системный номер авторитетной/нормативной записи |
z06700 |
| Начальный элемент ввода |
Laz`ko |
| Часть имени, кроме начального элемента ввода |
A. |
| Даты |
1925- |
| Расширение инициалов личного имени |
Aleksej |
| Код отношения |
Составитель |
| Графика поля |
Латинская |
| 801 #0 - ИСТОЧНИК ЗАПИСИ |
| Страна |
Российская Федерация |
| Организация |
NLR |
| Дата составления |
20170623 |
| Правила каталогизации |
PSBO |
| 801 #1 - ИСТОЧНИК ЗАПИСИ |
| Страна |
Российская Федерация |
| Организация |
NLR |
| Дата составления |
20170623 |
| Источник данных |
rusmarc |
| 801 #2 - ИСТОЧНИК ЗАПИСИ |
| Страна |
Российская Федерация |
| Организация |
NLR |
| Дата составления |
20171214 |
| 852 ## - МЕСТОНАХОЖДЕНИЕ И ШИФР ХРАНЕНИЯ |
| Идентификатор организации |
NLR |
| Наименование фонда или коллекции (Sub-Location Identifier) |
М |
| Шифр хранения (Call Number) |
К-3/28426 |
| Страна |
|
| Номер экземпляра |
1 |
| 942 ## - ДОПОЛНИТЕЛЬНЫЕ ЭЛЕМЕНТЫ ЗАПИСИ (АБИС) |
| Тип экземпляра АБИС |
Ноты |
| 980 ## - КОЛЛЕКЦИЯ |
| Название коллекции |
Национальная библиография |
| 980 ## - КОЛЛЕКЦИЯ |
| Название коллекции |
Отдел нот и звукозаписей |